| 000 | 00344nam a22001457a 4500 | ||
|---|---|---|---|
| 003 | SGT | ||
| 082 | _a340,HAR | ||
| 100 | _aHARLAND,CHISTOPHER | ||
| 245 | _aBASIC DOCUMENTS AN INTERNATIONAL HUMANITARIAN | ||
| 250 | _a2ND | ||
| 260 |
_aNEW DELHI _bICRC _c2011 |
||
| 300 | _a1401 | ||
| 650 | _a INTERNATIONAL HUMANITARIAN | ||
| 942 |
_2ddc _cBK _01 |
||
| 999 |
_c11035 _d11035 |
||